000 00471nam a2200181Ia 4500
001 1669
005 20260306143745.0
008 260306t2007||||xx |||||||||||||| ||spa||
041 _aESP
082 _a153.93
_bE96
100 _aFernández Ballesteros, Rocío
_eAUT
245 0 _aEvaluación psicológica:
_bconceptos, métodos y estudio de casos
260 _c2007
300 _a490 páginas :
_c24 cm.
650 _aGEN
654 _aCPS
942 _cLIB
_dJUS
_fJUS
_2ddc
_n
999 _c1669
_d1669